| 000 | 02424nam a2200289 4500 | ||
|---|---|---|---|
| 005 | 20240422122740.0 | ||
| 008 | 240119s1923 fr a|||fr|||| 00| f fre d | ||
| 040 |
_aCO-BoUCM _bspa _cSandra Yazo _dSandra Yazo |
||
| 041 | 0 | _afre | |
| 082 | 0 | 4 |
_220 _a843 |
| 092 | _aE53N012 | ||
| 100 | 1 |
_aHaardt, Georges-Marie, _d1889-1932 _9180514 |
|
| 242 | 0 | 3 |
_aLa carrera Citroën. _bPrimera travesía del Sahara en automóvil, de Touggourt a Timbuktú por la Atlántida. _cJorge-María Haardt ; Introducción de Andrés Citroën ; Ilustraciones de Bernardo Boutet de Monvel. _yspa |
| 245 | 1 | 3 |
_aLe raid Citroën. _bLa première traversée du Sahara en automobile, de Touggourt à Tombouctou par l’Atlantide. _cGeorges-Marie Haardt ; Introduction de M. André Citroën ; Illustrations de Bernard Boutet de Monvel. |
| 260 |
_aParís (Francia) _bLibrairie Plon ; Plon-Nourrit et Cie [Librería Plon ; Plon-Nourrit y Cia.] _c1923 |
||
| 300 |
_a307, [1] páginas _c18 x 11 cm. |
||
| 500 | _aDetalles físicos: Sin encuadernación original, actualmente, encuadernación rígida (holandesa): cartón forrado en papel; lomo de tela con letras y líneas decorativas en dorado. Guardas. Anteportada. En frontispicio de la portada, hoja de papel satinado con fotografía de los autores. Portada, impresa en una sola tinta, grabado con la marca tipográfica del editor-impresor. Dedicatoria. Texto impreso en una sola columna, con diferentes tipos y tamaños de letra. Notas de pie de página. Fotografías (fuera del texto) e ilustraciones (grabados) en el texto. Mapa plegable del Sahara. Índice. Papel oxidado en los bordes. Guarda posterior, rasgada. | ||
| 505 | 0 | _aIntroducción ; Antes de partir ; Misión ; De Touggourt a In Salah, el gran oasis del desierto, por la meseta de Tademaït ; Rumbo a Hoggar, por las llanutas de Tidikelt ; Tanezrouft, el país de la sed ; Por las estepas del Sudán, hacia el Nígel y Timbuktú ; Timbiktú ; Por el Níger ; Regreso por el camino nuevo del Sahara ; Parada en el centro de Haggar, país del miedo | |
| 506 | _aConsulta en sala | ||
| 546 | _aTexto en francés | ||
| 650 | 7 |
_920487 _aNovela de aventuras _xSiglos XIX-XX |
|
| 650 | 7 |
_923490 _aRelatos de viajes _zAfrica |
|
| 650 | 7 |
_97508 _aDescripciones y viajes _xLiteratura francesa |
|
| 690 |
_aLiteratura europea _926524 |
||
| 700 | 1 |
_aAudouin-Dubreuil, Louis _d1887-1960 _9180517 |
|
| 942 |
_2LOCAL _cLIBRO _e1 _hE53N012 |
||
| 999 |
_c324106 _d324106 |
||